Buddhist Pali recitals / (Record no. 32344)

000 -LEADER
fixed length control field 00646nam a2200217Ia 4500
003 - CONTROL NUMBER IDENTIFIER
control field OSt
005 - DATE AND TIME OF LATEST TRANSACTION
control field 20240306084006.0
007 - PHYSICAL DESCRIPTION FIXED FIELD--GENERAL INFORMATION
fixed length control field ca aa aaaaa
008 - FIXED-LENGTH DATA ELEMENTS--GENERAL INFORMATION
fixed length control field 201103s9999 xx 000 0 und d
040 ## - CATALOGING SOURCE
Transcribing agency SSBUL
Original cataloging agency SSBUL
041 ## - LANGUAGE CODE
Language code of text/sound track or separate title eng
082 ## - DEWEY DECIMAL CLASSIFICATION NUMBER
Edition number 23
Classification number 294.34433
Item number Bu
245 #0 - TITLE STATEMENT
Title Buddhist Pali recitals /
Statement of responsibility, etc. edited by Prof. Chandima Wijebandara.
260 ## - PUBLICATION, DISTRIBUTION, ETC.
Place of publication, distribution, etc. Taipei :
Name of publisher, distributor, etc. The Corporate Body of the Buddha Educational Foundation,
Date of publication, distribution, etc. 2007.
300 ## - PHYSICAL DESCRIPTION
Extent xx, 319 pages;
Other physical details tables,
Dimensions 21 cm.
500 ## - GENERAL NOTE
General note S-SAT: Sai Aung Tun<br/><br/>
700 1# - ADDED ENTRY--PERSONAL NAME
Personal name Wijebandara, Chandima,
Dates associated with a name Prof.
9 (RLIN) 26717
942 ## - ADDED ENTRY ELEMENTS (KOHA)
Koha item type Banned
Source of classification or shelving scheme
Source of classification or shelving scheme
Source of classification or shelving scheme
Koha item type Book (Short term)
Holdings
Withdrawn status Lost status Source of classification or shelving scheme Damaged status Not for loan Collection code Permanent Location Current Location Shelving location Date acquired Total Checkouts Full call number Barcode Date last seen Price effective from Koha item type Accession
          Special Collections Shan State Buddhist University Library Shan State Buddhist University Library Special Collection Shelves 05/03/2024   294.34433 Bu 21505 S-SAT EB00021505 05/03/2024 05/03/2024 Book (Short term) 21505 S-SAT

Library - 09407999929
Admin Office - 09407999979
Dean Office - 09250910768
Registrar Office - 09892297154
Email - [email protected]
Shan State Buddhist University, Phaya Phyu Taunggyi, Shan State, Myanmar.